India and Malaysia : (Record no. 147214)

MARC details
000 -LEADER
fixed length control field 00609nam a22001937a 4500
005 - DATE AND TIME OF LATEST TRANSACTION
control field 20171107123229.0
010 ## - LCCN (DPL NO)
LC control number ENG-121268
020 ## - INTERNATIONAL STANDARD BOOK NUMBER
International Standard Book Number 9789386288738
Terms of availability 220.00
035 ## - SYSTEM CONTROL NUMBER
System control number EN-104800
037 ## - SOURCE OF ACQUISITION
Source of stock number/acquisition DBAD/PUB
082 ## - DEWEY DECIMAL CLASSIFICATION NUMBER
Classification number 954
100 ## - MAIN ENTRY--PERSONAL NAME
Personal name Das,Suranjan
245 00 - TITLE STATEMENT
Title India and Malaysia :
Statement of responsibility, etc by Suranjan Das
Remainder of title historical Hindsight and the way ahead /
260 ## - PUBLICATION, DISTRIBUTION, ETC. (IMPRINT)
Place of publication, distribution, etc New Delhi
Name of publisher, distributor, etc KW Publishers
Date of publication, distribution, etc 2017
270 ## - ADDRESS
Address 4676/21, First Floor, Ansari Road, Daryaganj,
City New Delhi
Postal code 110002
300 ## - PHYSICAL DESCRIPTION
Extent 142p.
Dimensions 24cm(pbk)
490 ## - SERIES STATEMENT
Series statement Occasional Paper series N0-1
942 ## - ADDED ENTRY ELEMENTS (KOHA)
Source of classification or shelving scheme Dewey Decimal Classification
Item type English Books
Call number suffix DAS
Classification part 954
Holdings
Withdrawn status Lost status Not for loan Collection code Home library Current library Date acquired Source of acquisition Cost, normal purchase price Full call number Barcode Copy number Cost, replacement price Koha item type
    Not For Loan Non-fiction D.B.Act.Division Bawana 07/11/2017 DBAD/PUB 220.00 954 DAS EN-104800 1 220.00 English Books

© Delhi Public Library
Hit Counter
free hit counter